00520nam a22001695i 450000100060000000300090000600500170001500700030003200800410003504000200007611100470009624500690014326000300021230000400024261100470028285200210032953524ES-MaACL20230906162801.0t|951002s1889 fr ||||1| fre d aCAM bspa cCAM2 aExposición Universal (d1889. cParís)10aExposition de 1889 b: Guide bleu du Figaro et du Petit Journal. aParis : b[s.n., c1889?] a288, [16] p., [5] h. de plan. pleg.2 aExposición Universal. d1889. cParís) aES-MaACLjG-3957